LEADER 01896nam0 22004213i 450 001 RAV0222976 005 20251003044327.0 100 $a20130827d1982 ||||0itac50 ba 101 | $aita 102 $ait 181 1$6z01$ai $bxxxe 182 1$6z01$an 183 1$6z01$anc$2RDAcarrier 200 1 $aNuclei e particelle$eintroduzione alla fisica nucleare e subnucleare$fEmilio Segrč 205 $a2. ed. completamente aggiornata$briordinata e arricchita 210 $aBologna$cZanichelli$d1982 215 $aXIX, 826 p.$cill.$d24 cm 300 $aTrad. della 2. ed. di Giacomo Cavallo, Filippo Frontera, Franco Fuligni. 500 10$aNuclei and particles.$3MIL0056237$9CFIV031603$9340433 606 $aFISICA NUCLEARE$xMANUALI$2FIR$3CSAC026174$9I 676 $a539$9Fisica moderna$v14 676 $a539.7$9FISICA ATOMICA E NUCLEARE$v12 676 $a539.7$9FISICA ATOMICA E NUCLEARE$v18 676 $a539.7$9FISICA ATOMICA E NUCLEARE$v19 676 $a539.72$9FISICA ATOMICA E NUCLEARE. FISICA DELLE PARTICELLE; RADIAZIONI IONIZZANTI$v21 676 $a539.721$9PARTICELLE$v20 676 $a539.721$9FISICA DELLE PARTICELLE. SPECIFICI TIPI DI PARTICELLA SUBATOMICA$v21 700 1$aSegrč$b, Emilio$3CFIV031603$4070$0337147 790 1$aSegrč$b, Emilio Gino$3SBNV108241$zSegrč, Emilio 801 3$aIT$bIT-000000$c20130827 850 $aIT-BN0095 $aIT-NA0079 901 $bNAP BN$cC $nComprende volumi con collocazioni per formato catalogati prima del 1987. La consegna del doc. é effettuata dall'Uff. Distribuzione. 901 $bNAP 01$cSALA $n$ 912 $aRAV0222976 950 0$aBiblioteca Centralizzata di Ateneo$c1 v.$d 01SALA 539.7 SEG.nu$e 0104 9000001145 VMA 1 v.$fA $h20071025$i20071025 977 $a 01$a BN 996 $aNuclei and particles$9340433 997 $aUNISANNIO